Quy trình quan trắc và phân tích chất lượng môi trường
Cung cấp những kiến thức cơ bản nhất về kỹ thuật quan trắc và phân tích thường được sử dụng trong đánh giá chất lượng môi trường nước, không khí, đất và chất thải rắn.
Spremljeno u:
| Glavni autor: | |
|---|---|
| Format: | Knjiga |
| Jezik: | Undetermined |
| Izdano: |
Hà Nội
Xây dựng
2015
|
| Teme: | |
| Oznake: |
Dodaj oznaku
Bez oznaka, Budi prvi tko označuje ovaj zapis!
|
| Thư viện lưu trữ: | Trung tâm Học liệu Trường Đại học Cần Thơ |
|---|
| LEADER | 00930nam a2200205Ia 4500 | ||
|---|---|---|---|
| 001 | CTU_224452 | ||
| 008 | 210402s9999 xx 000 0 und d | ||
| 020 | |c 90000 | ||
| 082 | |a 363.7 | ||
| 082 | |b Th103 | ||
| 100 | |a Nguyễn, Thị Kim Thái | ||
| 245 | 0 | |a Quy trình quan trắc và phân tích chất lượng môi trường | |
| 245 | 0 | |c Nguyễn Thị Kim Thái (Chủ biên) | |
| 260 | |a Hà Nội | ||
| 260 | |b Xây dựng | ||
| 260 | |c 2015 | ||
| 520 | |a Cung cấp những kiến thức cơ bản nhất về kỹ thuật quan trắc và phân tích thường được sử dụng trong đánh giá chất lượng môi trường nước, không khí, đất và chất thải rắn. | ||
| 650 | |a Environmental monitoring,Quan trắc môi trường | ||
| 910 | |b nthai | ||
| 980 | |a Trung tâm Học liệu Trường Đại học Cần Thơ | ||